• 首页
  • 本馆介绍
  • 公告通知
  • 最新文献
  • 馆藏检索
  • 电子资源
  • 读者导购
  • 参考咨询
  • 我的图书馆
  • 登录
  • 详细信息显示
  • 放入我的书架
  • 预约/预借图书
  • 作者相关作品
  • 分类相关作品
  • 丛书相关作品
  • 出版社相关作品

书目信息

  • 表格格式
  • 工作单格式
  • 卡片格式
题名:
文字源流浅说
    
 
作者: 唐殷 释辑
分册:  
出版信息: 北京   荣宝斋  1979
页数: 614页
开本: 19cm
丛书名:
单 册:
中图分类: H12 , H028
科图分类:
主题词: 汉字-字源 , 字源-汉字 , 文字学
电子资源:
ISBN:
000 00644nam0 2200265 450
001 1536955655
005 20150123101633.17
010    @dCNY1.80
091    @a8030.270
100    @a19950717d1979 em y0chiy0110 ea
101 0  @achi
102    @aCN@b110000
105    @ay z 000yy
200 1  @a文字源流浅说@Awen zi yuan liu qian shuo@e释例篇@f唐殷释辑
205    @b影印本
210    @a北京@c荣宝斋@d1979
215    @a614页@d19cm
606 0  @a汉字-字源
606 0  @a字源-汉字
606 0  @a文字学
690    @aH12@v3
690    @aH028@v4
701  0 @a唐殷@Atang yin@4释辑
801  0 @aCN@bNLC@c20101222
905    @aZUCC@dH028@eJY47
    
    文字源流浅说:释例篇/唐殷释辑.-影印本.-北京:荣宝斋,1979
    614页;19cm
    
    
    ISBN :CNY1.80
    
●
相关链接 在E读中查询图书 在五车中查询图书 在当当中查询图书 在豆瓣中查询图书


正题名:文字源流浅说     索取号:H028/JY47         预约/预借

序号 登录号 条形码 馆藏地/架位号 状态 备注
1 7854893   278548939   学院路分馆/ [索取号:H028/JY47] 在馆    
2 7854894   278548948   学院路分馆/ [索取号:H028/JY47] 在馆    
3 7854895   278548957   学院路分馆/ [索取号:H028/JY47] 在馆    
4 7854896   278548966   学院路分馆/ [索取号:H028/JY47] 在馆    
唐山师范学院图书馆 欢迎您!
大连网信软件有限公司© 版权所有